The teacher in a planned society. (Record no. 47561)
[ view plain ]
| 000 -LEADER | |
|---|---|
| fixed length control field | 00766nam a22002412 4500 |
| 001 - CONTROL NUMBER | |
| control field | 47561 |
| 003 - CONTROL NUMBER IDENTIFIER | |
| rucl marc code | BD-RjUL |
| 005 - DATE AND TIME OF LATEST TRANSACTION | |
| control field | 20211209054337.0 |
| 008 - FIXED-LENGTH DATA ELEMENTS--GENERAL INFORMATION | |
| fixed length control field | 160809s1950 enk 000 0 eng |
| 035 ## - SYSTEM CONTROL NUMBER | |
| System control number | OCLC ocm08584247 from D960916M |
| -- | (BD-RjUL)47680 |
| 040 ## - CATALOGING SOURCE | |
| Original cataloging agency | DLC |
| Transcribing agency | SOI |
| Modifying agency | UKM |
| -- | EQO |
| -- | BD-RjUL |
| Language of cataloging | eng |
| 041 ## - LANGUAGE CODE | |
| Language code of text/sound track or separate title | eng |
| 082 ## - DEWEY DECIMAL CLASSIFICATION NUMBER | |
| Classification number | 371.1 |
| Author mark and year | RIT 1950 |
| 100 1# - MAIN ENTRY--PERSONAL NAME | |
| Personal name | Rich, Rowland William, |
| Dates associated with a name | 1901- |
| 9 (RLIN) | 144568 |
| 245 14 - TITLE STATEMENT | |
| Title | The teacher in a planned society. |
| Statement of responsibility, etc. | Rowland William Rich. |
| 260 ## - PUBLICATION, DISTRIBUTION, ETC. (IMPRINT) | |
| Place of publication, distribution, etc. | London : |
| Name of publisher, distributor, etc. | University of London Press, |
| Date of publication, distribution, etc. | 1950 |
| 300 ## - PHYSICAL DESCRIPTION | |
| Pagination | 120 p. ; |
| Size | 19 cm. |
| 490 0# - SERIES STATEMENT | |
| Series statement | Educational issues of to-day |
| 650 #0 - SUBJECT ADDED ENTRY--TOPICAL TERM | |
| Topical term or geographic name as entry element | Teachers |
| Geographic subdivision | Great Britain. |
| 9 (RLIN) | 144569 |
| Topical term or geographic name as entry element | Education and state |
| Geographic subdivision | Great Britain. |
| 9 (RLIN) | 144570 |
| 942 ## - ADDED ENTRY ELEMENTS (KOHA) | |
| Source of classification or shelving scheme | Dewey Decimal Classification |
| Koha item type | Books |
| Lost status | Source of classification or shelving scheme | Damaged status | Not for loan | Permanent Location | Current Location | Shelving location | Date acquired | Source of acquisition | Cost, normal purchase price | Total Checkouts | Full call number | Date last seen | Copy number | Koha item type |
|---|---|---|---|---|---|---|---|---|---|---|---|---|---|---|
| Dewey Decimal Classification | Central Library, University of Rajshahi | Central Library, University of Rajshahi | 08/09/1955 | B.H. Blackwell | 55.00 | 371.1 RIT 1950 | 09/08/2016 | C-2 | Books |